Los hermanos de mowgli /
Guardado en:
| Autor Principal: | |
|---|---|
| Formato: | Libro |
| Publicado: |
Madrid :
Unidad,
1998
|
| Materias: | |
| Etiquetas: |
Agregar Etiqueta
Sin Etiquetas, Sea el primero en etiquetar este registro!
|
| LEADER | 00544nam a22002055a 4500 | ||
|---|---|---|---|
| 001 | CEM.cems016925 | ||
| 005 | 20121121131936.0 | ||
| 008 | 130507s1998##################000#0#####d | ||
| 003 | CEMS | ||
| 020 | |a 8481300527 | ||
| 082 | 0 | 4 | |a 823 |
| 100 | 1 | |a Kipling, Rudyard | |
| 245 | 1 | 0 | |a Los hermanos de mowgli / |c Rudyard Kipling, |
| 260 | |a Madrid : |b Unidad, |c 1998 | ||
| 300 | |a 95 p. | ||
| 653 | |a Literatura | ||
| 653 | |a Literatura inglesa | ||
| 653 | |a Novela | ||
| 653 | |a Novela inglesa | ||
| 859 | |a CEMS |b BIB. CEMS - Agricultura |h 823 |i K628-2 |p A0304.00 |t Ej.1 | ||
